<?xml version="1.0" encoding="UTF-8"?>
<collection xmlns:xsi="http://www.w3.org/2001/XMLSchema-instance" xsi:schemaLocation="http://www.loc.gov/MARC21/slim http://www.loc.gov/standards/marcxml/schema/MARC21slim.xsd" xmlns="http://www.loc.gov/MARC21/slim">
 <record>
  <leader>00000cam a22000004i 4500</leader>
  <controlfield tag="001">UP-1685594773861326537</controlfield>
  <controlfield tag="003">Buklod</controlfield>
  <controlfield tag="005">20250325163246.0</controlfield>
  <controlfield tag="006">i|||||||||||||| | </controlfield>
  <controlfield tag="007">ta</controlfield>
  <controlfield tag="008">170410s2001    xx      rb   |001 0|eng d</controlfield>
  <datafield tag="020" ind1=" " ind2=" ">
   <subfield code="a">9715423019 (pbk.)</subfield>
  </datafield>
  <datafield tag="035" ind1=" " ind2=" ">
   <subfield code="a">(iLib)UPBAG-00000017795</subfield>
  </datafield>
  <datafield tag="037" ind1=" " ind2=" ">
   <subfield code="a">BC-45384</subfield>
   <subfield code="c">Php500.00</subfield>
  </datafield>
  <datafield tag="037" ind1=" " ind2=" ">
   <subfield code="a">BC-46685</subfield>
   <subfield code="c">Php350.00</subfield>
  </datafield>
  <datafield tag="040" ind1=" " ind2=" ">
   <subfield code="e">rda</subfield>
  </datafield>
  <datafield tag="041" ind1="0" ind2=" ">
   <subfield code="a">eng</subfield>
  </datafield>
  <datafield tag="090" ind1=" " ind2="0">
   <subfield code="a">HQ 680</subfield>
   <subfield code="b">M33 2001</subfield>
  </datafield>
  <datafield tag="100" ind1="1" ind2=" ">
   <subfield code="a">Medina, Belen Tan-Gatue</subfield>
   <subfield code="e">author.</subfield>
  </datafield>
  <datafield tag="245" ind1="1" ind2="4">
   <subfield code="a">The Filipino family</subfield>
   <subfield code="c">Belen T.G. Medina.</subfield>
  </datafield>
  <datafield tag="250" ind1=" " ind2=" ">
   <subfield code="a">Second edition.</subfield>
  </datafield>
  <datafield tag="264" ind1=" " ind2="1">
   <subfield code="a">Diliman, Quezon City</subfield>
   <subfield code="b">University of the Philippines Press</subfield>
   <subfield code="c">©2001.</subfield>
  </datafield>
  <datafield tag="300" ind1=" " ind2=" ">
   <subfield code="a">xv, 306 pages</subfield>
   <subfield code="c">23 cm</subfield>
  </datafield>
  <datafield tag="500" ind1=" " ind2=" ">
   <subfield code="a">First edition was entitled: The Filipino family : a text with selected readings.</subfield>
  </datafield>
  <datafield tag="504" ind1=" " ind2=" ">
   <subfield code="a">Includes bibliographical references (pages 295-297) and index.</subfield>
  </datafield>
  <datafield tag="505" ind1="0" ind2=" ">
   <subfield code="a">I. The study of the family--The importance of the family--The social science approach to the family ; II. Family and kinship structure--The concepts of family and household--Nuclear versus extended family--Conjugal versus Consanguineal family--Descent system--Rules of residence--Authority patterns--The larger kin group--Changing structures--Solo parent families and other family forms ; III. Functions of the family and kin group--Sex and reproduction--Biological maintenance--Socialization--Status placement--Welfare and protection--Functions in relation to other institutions-Changing functions ; IV. Courtship and marriage patterns--Traditional courtship--Modern courtship--Dating--Going steady--Engagement--Wedding--Cohabitation/Live-in relationship ; V. Mate selection--Cultural and legal determinants--The role of the family and other primary groups--The role of formal agencies, mass media, and internet--Propinquity--Availability of partners--The ideal mate--Romantic love--Theories of mate selection ; VI. Love and sex--The concept of love--Sex norms--Premarital sex--Sex in marriage--Extramarital sex--Sex crimes ; VII. Husband and wife roles--The concept of role--traditional husband and wife roles--Changing roles of the wife--The husband's role ; VIII. Conjugal power structure--Indicators of conjugal power--Bases of conjugal power--The resources and exchanging theories--Traditional power structure--Changing power structure ; IX. Adjustment in marriage--Factors related to marital success--Intermarriage--Family violence: misuse of power----Husband-wife conflict--Husband-wife separation--Family of migrant workers ; X. Parenthood--Value of children--Role of parents in socialization--Fatherhood--Maternal and child care--Child-rearing patterns--Adolescence--Solo-Parenthood--Child abuse and child labor--Changing parent-child relations ; XI. The elderly--The social aspect of aging--Respect for age--Characteristics of the elderly--The care-givers--Institutionalization of the elderly--Social change and the elderly ; XII. Social change and the family--Modernization and the family--Changing Filipino society and family--Mate selection--Sex norms and behavior--Gender roles--Dual-earner and dual-career marriages--Fragility of marriage--Solo parent families and other emerging structures--Child-rearing patterns--Authority of the elders--Kinship ties--Family functions--The future of the family ; List of tables--Table I. Trends in size of households: Philippines, 1970, 1990, 1995, 2000 ; Table II. Percentage distribution of household head and composition: Philippines, NCR and other Regions, 1995 ; Table III. Trends in marriage, males and females, 1948-1995 ; Table IV. Percentage distribution of total population 10 years old and over by sex and marital status, Philippines and NCR: 1995.</subfield>
  </datafield>
  <datafield tag="650" ind1=" " ind2="0">
   <subfield code="a">Family</subfield>
   <subfield code="z">Philippines.</subfield>
  </datafield>
  <datafield tag="650" ind1=" " ind2="0">
   <subfield code="a">Marriage</subfield>
   <subfield code="z">Philippines.</subfield>
  </datafield>
  <datafield tag="905" ind1=" " ind2=" ">
   <subfield code="a">FI</subfield>
  </datafield>
  <datafield tag="852" ind1="0" ind2=" ">
   <subfield code="a">UPBAG</subfield>
   <subfield code="b">UPBAG-MAIN</subfield>
   <subfield code="h">HQ 680 M33 2001</subfield>
  </datafield>
  <datafield tag="942" ind1=" " ind2=" ">
   <subfield code="a">Book</subfield>
  </datafield>
 </record>
</collection>
